Normal view
MARC view
- Tayyaba Hussain
Entry Personal Name
001 - CONTROL NUMBER
- control field: 88293
003 - CONTROL NUMBER IDENTIFIER
- control field: NUST
005 - DATE AND TIME OF LATEST TRANSACTION
- control field: 20220112111915.0
008 - FIXED-LENGTH DATA ELEMENTS
- fixed length control field: 220112|| aca||aabn | a|a d
040 ## - CATALOGING SOURCE
- Original cataloging agency: NUST
- Transcribing agency: NUST
100 ## - HEADING--PERSONAL NAME
- Personal name: Tayyaba Hussain
670 ## - SOURCE DATA FOUND
- Source citation: Work cat.: (NUST): Tayyaba Hussain, TH-SOF-1946-A Novel Data Extraction Framework Using Natural Language Processing (DEFNLP) Techniques, 2021.
